| 000 | 00544nam a22001937a 4500 | ||
|---|---|---|---|
| 005 | 20251108164012.0 | ||
| 008 | 250721s1999 xx 000 0 ara d | ||
| 082 | 1 | 4 | _a818/سرك |
| 100 | 1 | _aسركيس، خليل رامز | |
| 245 | 1 | 0 |
_aزواج مدني : _bبعل و بك / |
| 264 | 1 |
_aبيروت : _bدار الجديد، _c1999. |
|
| 300 | _a126ص | ||
| 650 | 1 | 7 | _aالأدب العربي |
| 650 | 1 | 7 | _aالثقافة العربية |
| 650 | 1 | 7 | _aالآثار |
| 650 | 1 | 7 | _aتاريخ لبنان |
| 942 |
_2ddc _cBK |
||
| 999 |
_c1134 _d1134 |
||